Чародей с гитарой: Фантастические произведения; пер. с англ.

Bibliographic Details
Main Author: Фостер А. Д. Алан Дин
Language:Russian
Published: Москва, Александр Корженевский, 2002-
Series:Шедевры фантастики
Format: Book
KOHA link:https://koha.lib.tpu.ru/cgi-bin/koha/opac-detail.pl?biblionumber=45793

MARC

LEADER 00000nam1a2200000 4500
001 45793
005 20231031024028.0
035 |a (RuTPU)RU\TPU\book\47698 
090 |a 45793 
100 |a 20021217d2002 m y0rusy50 ca 
101 1 |a rus 
102 |a RU 
200 1 |a Чародей с гитарой  |e Фантастические произведения  |e пер. с англ.  |f А. Д. Фостер 
210 |a Москва  |c Александр Корженевский  |c ЭКСМО-Пресс  |d 2002- 
225 1 |a Шедевры фантастики 
675 |a 82  |v 3 
700 1 |a Фостер  |b А. Д.  |g Алан Дин 
801 1 |a RU  |b 63413507  |c 20021217  |g PSBO 
801 2 |a RU  |b 63413507  |c 20060502  |g PSBO 
942 |c BK